Statistics for Political Parties of Germany Quiz

Click here to take the quiz!

General Stats

  • This quiz has been taken 128 times
  • The average score is 13 of 59

Answer Stats

HintAnswer% Correct
Primary opposition party. Biggest of a coalition.Christlich Demokratische Union Deutschlands
96%
Party with the most seats. Currently in powerSozialdemokratische Partei Deutschlands
93%
A party known for it's anti immigration and EuroscepticismAlternative für Deutschland
92%
Germany's biggest environmentalist partyBündnis 90/Die Grünen
91%
A smaller social democratic partyDie Linke
83%
A centrist/right wing liberal partyFreie Demokratische Partei
81%
A satirical partyPartei für Arbeit, Rechtsstaat, Tierschutz,
Elitenförderung und basisdemokratische Initiative
50%
Party whose prime platform is on the issue of copyright.Piratenpartei Deutschland
47%
A centre right, regionalist partyFreie Wähler
46%
European federalist partyVolt Deutschland
45%
A catholic centrist partyDeutsche Zentrumspartei
39%
Regionalist party in BrandenburgBrandenburger Vereinigte Bürgerbewegungen / Freie Wähler
31%
Marxist-Leninist partyKommunistische Partei Deutschlands
28%
Another communist partyMarxistisch-Leninistische Partei Deutschlands
26%
A party for animal rights and environmentalismPartei Mensch Umwelt Tierschutz
26%
Believes in autonomy for a certain south-eastern region of Germany.Bayernpartei
25%
A conservative green partyÖkologisch-Demokratische Partei
25%
Neo NazisNationaldemokratische Partei Deutschlands
23%
Party that represents the danish minority in a certain regionSüdschleswigscher Wählerverband
21%
The smaller party in said coalition.Christlich-Soziale Union in Bayern
18%
A right wing populist party in BremenBürger in Wut
17%
Another Marxist-Leninist movementDeutsche Kommunistische Partei
17%
A liberal conservative partyLiberal-konservative Reformer
16%
Satirical party that promised voters free beer in 1998Anarchistische Pogo-Partei Deutschlands
15%
Party for a certain stage of lifeFamilien-Partei Deutschlands
13%
Party that advocates for womens rightsFeministische Partei Die Frauen
12%
Another neo nazi partyDer III. Weg
10%
Yet another neo nazi party. Surprising considering this is GermanyDie Rechte
10%
SpiritualistsDie Violetten
10%
Secular liberal partyPartei der Humanisten
10%
Advocates for an unconditional payment to be given to people.Bündnis Grundeinkommen
9%
Party aimed at protecting animal rightsAllianz für Menschenrechte, Tier- und Naturschutz
8%
Christian fundamentalist and conservative partyBündnis C – Christen für Deutschland
8%
A conservative partyDeutsche Soziale Union
8%
A party representing a certain genre of musicDie Urbane. Eine HipHop Partei
8%
Party that advocates for climate change mitigationKlimaliste Deutschland
8%
Anti militaristTeam Todenhöfer – Die Gerechtigkeitspartei
8%
Another party that wants direct democracyAb jetzt … Demokratie durch Volksabstimmung
7%
A minor party primarily aimed at Islamic immigrantsBündnis für Innovation und Gerechtigkeit
7%
Conservative party in ThuringiaBürger für Thüringen
7%
A conservative and Eurosceptic partyDie Republikaner
7%
A grassroots anti-lockdown and anti-vaccination partyBasisdemokratische Partei Deutschland
6%
Post left Anarchy partyBergpartei, die ÜberPartei
6%
Social democratic partyDemokratie in Bewegung
6%
Anti-lockdown and Anti-vaccineWiR2020
6%
Party appealing primarily to TurksAllianz Deutscher Demokraten
5%
TrotskyistsSozialistische Gleichheitspartei
5%
Centre left socially liberal partyMUT
4%
Regionalist party in FranconiaPartei für Franken
4%
Regionalist party located in SaxonyDie Friesen
3%
A regionalist partyLausitzer Allianz
3%
A libertarian partyPartei der Vernunft
3%
Single issue political party for a certain kind of fundingPartei für Gesundheitsforschung
3%
Environmentalists, and people who don't eat/use animal productsV-Partei³ – Partei für Veränderung, Vegetarier und Veganer
3%
LaRouche movementBürgerrechtsbewegung Solidarität
2%
A liberal partyLiberale Demokraten – Die Sozialliberalen
2%
DemocraticAchtsame Demokraten
1%
Party that represents the interests of Germans who were born in RussiaArminus – Bund des deutschen Volkes
1%
Party that wants direct democracyFreiparlamentarische Allianz
1%

Score Distribution

Percentile by Number Answered

Percent of People with Each Score

Your Score History

You have not taken this quiz